[Event "Wroclaw op-B 7th"]
[Site "Wroclaw"]
[Date "2012.07.10"]
[Round "9"]
[White "Skrzypinski, Maciej"]
[Black "Dmochowska, Agnieszka"]
[Result "1-0"]
[WhiteElo "1714"]
[BlackElo "1782"]
[PlyCount "49"]
[EventDate "2012.07.02"]
[EventType "swiss"]
[EventRounds "9"]
[EventCountry "POL"]
[SourceTitle "EXT 2013"]
[Source "ChessBase"]
[SourceDate "2012.11.22"]
[SourceVersion "1"]
[SourceVersionDate "2012.11.22"]
[SourceQuality "1"]

1. c4 e6 2. d4 d5 3. Nc3 c5 4. cxd5 exd5 5. Nf3 Nc6 6. g3 Nf6 7. Bg2 Be7 8. 0-0 0-0 9. a3 a6 10. dxc5 Bxc5 11. b4 Ba7 12. Bg5 d4 13. Ne4 Re8 14. Nxf6+ gxf6 15. Bf4 Bg4 16. Qd3 Qd7 17. Rfe1 Ne5 18. Bxe5 fxe5 19. Nh4 Rac8 20. Rac1 Be6 21. Be4 f6 22. Nf5 Bd5 23. Bxd5+ Kh8 24. Be4 Rcd8 25. Rc4 1-0

[Event "Wroclaw op-B 6th"]
[Site "Wroclaw"]
[Date "2011.07.08"]
[Round "7"]
[White "Puszkarek, Kamil"]
[Black "Skrzypinski, Maciej"]
[Result "1-0"]
[WhiteElo "1751"]
[BlackElo "1718"]
[PlyCount "75"]
[EventDate "2011.07.04"]
[EventType "swiss"]
[EventRounds "9"]
[EventCountry "POL"]
[SourceTitle "EXT 2023"]
[Source "ChessBase"]
[SourceDate "2022.10.05"]
[SourceVersion "1"]
[SourceVersionDate "2022.10.05"]
[SourceQuality "1"]

1. e4 c5 2. Nf3 Nc6 3. d4 cxd4 4. Nxd4 Nf6 5. Nc3 d6 6. Bg5 Bd7 7. Bxf6 gxf6 8. Be2 Qa5 9. Nb3 Qg5 10. Nd5 0-0-0 11. Bf3 e6 12. Ne3 Ne5 13. Qd4 Nxf3+ 14. gxf3 Kb8 15. 0-0-0 Bc6 16. Kb1 Qe5 17. Qd3 Bh6 18. Ng4 Qf4 19. Nd4 Be8 20. h4 d5 21. Ne2 Qc7 22. Nxh6 Bc6 23. Qc3 dxe4 24. fxe4 Bxe4 25. Qxc7+ Kxc7 26. Rhg1 Rxd1+ 27. Rxd1 Bf3 28. Rd2 Bxe2 29. Rxe2 Rd8 30. Kc1 Rd4 31. Nxf7 Kd7 32. Rd2 Rxd2 33. Kxd2 Ke7 34. Nh6 f5 35. Ke3 Kf6 36. f3 Kg6 37. Ng4 fxg4 38. fxg4 1-0

[Event "Polanica Zdroj op-B 46th"]
[Site "Polanica Zdroj"]
[Date "2010.08.23"]
[Round "6"]
[White "Szymanowski, Mateusz"]
[Black "Skrzypinski, Maciej"]
[Result "1/2-1/2"]
[WhiteElo "1705"]
[BlackElo "1535"]
[PlyCount "64"]
[EventDate "2010.08.18"]
[EventType "swiss"]
[EventRounds "9"]
[EventCountry "POL"]
[SourceTitle "CBM 138 Extra"]
[Source "ChessBase"]
[SourceDate "2010.10.29"]
[SourceVersion "1"]
[SourceVersionDate "2010.10.29"]
[SourceQuality "1"]

1. e4 e5 2. Nf3 Nc6 3. Bb5 a6 4. Ba4 Nf6 5. 0-0 b5 6. Bb3 Be7 7. Re1 d6 8. c3 0-0 9. h3 Na5 10. d4 Nxb3 11. Qxb3 exd4 12. cxd4 d5 13. e5 Ne4 14. Nc3 Nxc3 15. Qxc3 b4 16. Qc6 Rb8 17. Bf4 Rb6 18. Qc2 Rg6 19. Kh2 Qd7 20. e6 Rxe6 21. Qxc7 Qxc7 22. Bxc7 Rxe1 23. Rxe1 Be6 24. Bf4 Rc8 25. Re2 h6 26. Ne5 g5 27. Bg3 h5 28. Ng6 Bf6 29. Bd6 fxg6 30. Rxe6 Kf7 31. Re2 Rc4 32. Be5 Rc6 1/2-1/2

[Event "Polanica Zdroj op-B 46th"]
[Site "Polanica Zdroj"]
[Date "2010.08.20"]
[Round "3"]
[White "Skrzypinski, Maciej"]
[Black "Olkuski, Tadeusz"]
[Result "1-0"]
[WhiteElo "1535"]
[BlackElo "1655"]
[PlyCount "63"]
[EventDate "2010.08.18"]
[EventType "swiss"]
[EventRounds "9"]
[EventCountry "POL"]
[SourceTitle "CBM 138 Extra"]
[Source "ChessBase"]
[SourceDate "2010.10.29"]
[SourceVersion "1"]
[SourceVersionDate "2010.10.29"]
[SourceQuality "1"]

1. e4 e6 2. d3 c5 3. Nf3 d6 4. g3 g6 5. Bg2 Bg7 6. d4 cxd4 7. Nxd4 Nc6 8. Be3 Nge7 9. Nc3 a6 10. Qd2 0-0 11. Rd1 Nxd4 12. Bxd4 d5 13. Bxg7 Kxg7 14. 0-0 d4 15. Qxd4+ Qxd4 16. Rxd4 Nc6 17. Rd2 e5 18. Rfd1 Nd4 19. Nd5 Bg4 20. Re1 Rac8 21. c3 Nc6 22. f3 Be6 23. Bf1 Rfd8 24. Red1 Kf8 25. Nb6 Rxd2 26. Rxd2 Rd8 27. Rxd8+ Nxd8 28. Bc4 Ke7 29. Kf2 Kd6 30. Bxe6 Nxe6 31. Nc4+ Ke7 32. Nxe5 1-0

[Event "Blaszczak Memorial 25th"]
[Site "Wroclaw"]
[Date "2010.06.03"]
[Round "6.4"]
[White "Brzechffa, Szymon"]
[Black "Skrzypinski, Maciej"]
[Result "1/2-1/2"]
[WhiteElo "1637"]
[BlackElo "1499"]
[PlyCount "67"]
[EventDate "2010.06.03"]
[EventType "swiss"]
[EventRounds "9"]
[EventCountry "POL"]
[SourceTitle "EXT 2023"]
[Source "ChessBase"]
[SourceDate "2022.10.05"]
[SourceVersion "1"]
[SourceVersionDate "2022.10.05"]
[SourceQuality "1"]

1. d4 Nf6 2. c4 c5 3. d5 b5 4. cxb5 a6 5. bxa6 Bxa6 6. Nc3 g6 7. g3 d6 8. Bg2 Bg7 9. Nf3 Nbd7 10. 0-0 0-0 11. Rb1 Qa5 12. Bd2 Rfb8 13. Qc2 Nb6 14. b3 Qa3 15. Bc1 Qa5 16. Rd1 Bb7 17. Bd2 Qa3 18. e4 Ne8 19. Bc1 Qa5 20. Bb2 Bxc3 21. Qxc3 Qxc3 22. Bxc3 Rxa2 23. Rd2 Rxd2 24. Nxd2 Ba6 25. Bf1 Bxf1 26. Kxf1 f5 27. f3 fxe4 28. fxe4 Ra8 29. Ra1 Kf7 30. Ke2 Nf6 31. Bxf6 Kxf6 32. Nc4 Nxc4 33. bxc4 Ke5 34. Ke3 1/2-1/2

[Event "Blaszczak Memorial 25th"]
[Site "Wroclaw"]
[Date "2010.06.03"]
[Round "5.5"]
[White "Skrzypinski, Maciej"]
[Black "Dzikowski, Michal"]
[Result "1/2-1/2"]
[WhiteElo "1499"]
[BlackElo "1624"]
[PlyCount "103"]
[EventDate "2010.06.03"]
[EventType "swiss"]
[EventRounds "9"]
[EventCountry "POL"]
[SourceTitle "EXT 2023"]
[Source "ChessBase"]
[SourceDate "2022.10.05"]
[SourceVersion "1"]
[SourceVersionDate "2022.10.05"]
[SourceQuality "1"]

1. d4 d5 2. c4 e6 3. Nc3 Nf6 4. Bg5 Nbd7 5. cxd5 exd5 6. e3 c6 7. Bd3 Qa5 8. Qc2 Bb4 9. Nf3 0-0 10. 0-0 Bd6 11. Rfc1 h6 12. Bh4 a6 13. a3 Qc7 14. Bg3 Bxg3 15. hxg3 Qd8 16. b4 Nb6 17. a4 Bg4 18. Ne5 Nbd7 19. Nxg4 Nxg4 20. Qe2 Qg5 21. Qf3 Qh5 22. Qf5 Qxf5 23. Bxf5 Ngf6 24. b5 axb5 25. axb5 g6 26. Bxd7 Nxd7 27. bxc6 bxc6 28. Kf1 Nb6 29. Ke2 Nc4 30. Kd3 Rab8 31. Rcb1 Rfe8 32. Rxb8 Rxb8 33. Ra6 Rb2 34. Ra2 Rb3 35. Kc2 Rb8 36. Kd3 Kf8 37. Ra6 Rb2 38. Ra2 Rb3 39. Kc2 Rb8 40. Kd3 Ke7 41. Ke2 Kd6 42. Kf3 Rb3 43. Ne2 Rb7 44. g4 Re7 45. Nc1 Rb7 46. Nd3 Rb3 47. Nc5 Ra3 48. Rxa3 Nxa3 49. Ke2 Nc4 50. Kd3 Nb6 51. Ke2 Nd7 52. Nd3 1/2-1/2

[Event "Blaszczak Memorial 25th"]
[Site "Wroclaw"]
[Date "2010.06.03"]
[Round "2.3"]
[White "Thamm, Merlin Jannes"]
[Black "Skrzypinski, Maciej"]
[Result "1/2-1/2"]
[WhiteElo "1806"]
[BlackElo "1499"]
[PlyCount "42"]
[EventDate "2010.06.03"]
[EventType "swiss"]
[EventRounds "9"]
[EventCountry "POL"]
[SourceTitle "EXT 2023"]
[Source "ChessBase"]
[SourceDate "2022.10.05"]
[SourceVersion "1"]
[SourceVersionDate "2022.10.05"]
[SourceQuality "1"]

1. e4 c5 2. Nf3 d6 3. d4 cxd4 4. Nxd4 Nf6 5. Nc3 a6 6. Bd3 e5 7. Nb3 Be7 8. 0-0 0-0 9. Kh1 b5 10. a3 Bb7 11. f4 Nbd7 12. f5 d5 13. Qf3 dxe4 14. Nxe4 Qc7 15. Nxf6+ Nxf6 16. Qg3 Kh8 17. Bd2 Bd6 18. Ba5 Qc6 19. Bc3 e4 20. Qg5 exd3 21. Bxf6 Qxg2+ 1/2-1/2

[Event "Wroclaw Golden Peak"]
[Site "Wroclaw"]
[Date "2010.05.01"]
[Round "1.2"]
[White "Skrzypinski, Maciej"]
[Black "Lambucki, Lukasz"]
[Result "0-1"]
[WhiteElo "1499"]
[BlackElo "1848"]
[PlyCount "66"]
[EventDate "2010.05.01"]
[EventType "swiss"]
[EventRounds "5"]
[EventCountry "POL"]
[SourceTitle "EXT 2023"]
[Source "ChessBase"]
[SourceDate "2022.10.05"]
[SourceVersion "1"]
[SourceVersionDate "2022.10.05"]
[SourceQuality "1"]

1. e4 d6 2. d4 e5 3. Nf3 Nf6 4. Nc3 Nbd7 5. Bc4 Be7 6. 0-0 c6 7. Be3 0-0 8. Re1 Qc7 9. a4 b6 10. Qe2 a6 11. Bb3 Bb7 12. Rad1 Rad8 13. Qc4 Nxe4 14. Nxe4 d5 15. Qd3 dxe4 16. Qxe4 c5 17. d5 Bd6 18. Qh4 Rde8 19. Ng5 Nf6 20. Kh1 Bc8 21. c4 Bf5 22. Rd2 h6 23. Nh3 Ne4 24. Rde2 Be7 25. Qh5 Qd7 26. Bxh6 Bg4 27. Qxe5 Bf6 28. Qf4 Bxe2 29. Rxe2 Ng3+ 30. hxg3 Rxe2 31. Bg5 Bxg5 32. Nxg5 Rxb2 33. Qh4 Qf5 0-1

[Event "Wroclaw Oct op"]
[Site "Wroclaw"]
[Date "2010.??.??"]
[Round "5"]
[White "Skrzypinski, Maciej"]
[Black "Barburzynska, Magdalena"]
[Result "1/2-1/2"]
[WhiteElo "1603"]
[BlackElo "1945"]
[PlyCount "49"]
[EventDate "2010.10.22"]
[EventType "swiss"]
[EventRounds "5"]
[EventCountry "POL"]
[SourceTitle "EXT 2011"]
[Source "ChessBase"]
[SourceDate "2010.11.26"]
[SourceVersion "1"]
[SourceVersionDate "2010.11.26"]
[SourceQuality "1"]

1. e4 c5 2. Nf3 Nc6 3. d4 cxd4 4. Nxd4 Nf6 5. Nc3 e6 6. Be3 Bb4 7. Bd3 Qa5 8. 0-0 0-0 9. Nb3 Qd8 10. f4 e5 11. Qf3 Bxc3 12. bxc3 d5 13. exd5 Qxd5 14. fxe5 Qxf3 15. Rxf3 Nxe5 16. Rff1 Re8 17. Bd4 Bd7 18. Rae1 Nxd3 19. cxd3 Nd5 20. Rxe8+ Rxe8 21. Nc5 Bc6 22. Ne4 Nc7 23. Bxa7 Nb5 24. Bd4 Nxd4 25. cxd4 1/2-1/2